000 01572nam a2200457 4500
001 21443
003 VRT
005 20260302113458.0
008 190207s2018 xo a b 000 j slo c
020 _a9788097213497
_q(viazané)
039 9 _a201907011033
_bmsvkbb03
_c201904041446
_dmkpoh04
_c201902071456
_dmttkjf04
040 _aTTKJF
_bslo
_dTTKJF
_erda
041 0 _aslo
044 _axo
_cSK
072 7 _a821.162.4-3
_xSlovenská próza
_2konspekt
072 7 _a82-93
_xLiteratúra pre deti a mládež
_2konspekt
080 _a628.477.6
_22011
080 _a82-93-053.2
_22011
080 _a821.162.4-32
_22011
100 1 _aGregušová, Andrea,
_d1973-
_4aut
245 1 0 _aGréta
_cnapísala Andrea Gregušová ; ilustrovala Nastia Sleptsova
250 _aDruhé vydanie
264 1 _aBratislava
_bEgreš
_c2018
300 _a44 nečíslovaných strán
_bfarebné ilustrácie
_c22x29 cm
336 _atext
_btxt
_2rdacontent
337 _abez média
_bn
_2rdamedia
338 _azväzok
_bnc
_2rdacarrier
521 1 _aPre deti od 5-6 rokov
650 0 7 _aveľryby
_2SNKPH
650 0 7 _arecyklácia odpadu
_2SNKPH
650 0 7 _aWaste recycling
_2SNKPH
655 7 _aslovenské príbehy
_2SNKPH
655 7 _apublikácie pre deti
_2SNKPH
655 7 _aSlovak stories
_2SNKPHeng
655 7 _aChildren’s literature
_2SNKPHeng
700 1 _aSleptsova, Nastia
_4ill
942 _2ddc
_cKLDE
_n0
949 _63870A28479
_abinAU 329
_bbin28479
949 _6270001000603781
_asvkbbA 158116
_bsvkbbm 784603
999 _c21443
_d21443